01326pam a2200277 a 45000010008000000030004000080050017000120080041000290100017000700200015000870400017001020430012001190500017001310820020001481000029001682450091001972600031002883000036003195040064003555050367004196500064007869060045008509420012008959990016009079520125009232523823OSt20230427135302.0930512s1994 nyua b 001 0 eng  a 93025021  a0801311519 aDLCcLCdDLC an-us---00aP96.T422.U6300a302.23/09732201 aDizard, Wilson Jr.9135010aOld media/new media: mass communications in the information age. /cWilson Dizard, Jr. aNew York:bLongman,c1993. axviii, 215 p. :bill. ;c24 cm. aIncludes bibliographical references (p. 201-206) and index. aContents: The Evolution of mass communication -- New media technologies: the information machines -- New media technologies: the networks -- New media: the political dimension -- Broadcast television: decline or renewal? -- Cable television: the perils of success -- Hollywood: remodeling the dream factory -- Gutenberg's last stand? -- The Open-ended future --  0aMass mediazUnited StatesxTechnological innovations.91351 a7bcbccorignewd1eocipf19gy-gencatlg 2lcccBK c9562d17062 00102lcc4070aWIUC-KLbWIUC-KLcGENd2023-03-15l0oP96.T422.U63pK/3071/0169/23r2023-04-27 00:00:00w2023-04-27yBK